| 000 | 00612nam a2200205 a 4500 | ||
|---|---|---|---|
| 001 | 000013643 | ||
| 005 | 20260225120647.0 | ||
| 008 | 091127s2002 dr a 000 0 spa d | ||
| 040 |
_aDO-SdBNP _bspa _cBNPHU |
||
| 082 | _a301 | ||
| 100 | 1 |
_aPascual Soriano, Pedro _931062 |
|
| 245 | 1 | 0 |
_aDesarrollando e hilvanando ideas / _cPedro Pascual Soriano. |
| 260 |
_a[Santo Domingo] : _bImpresora Mateo, _c2002. |
||
| 300 |
_a106 p. : _bil. ; _c21 cm. |
||
| 650 | 0 |
_aSociología _91061 |
|
| 650 | 0 |
_aProblemas sociales _99290 |
|
| 650 | 0 |
_aCondición social _931063 |
|
| 650 | 4 |
_aConducta social _912282 |
|
| 049 | _aBNPD | ||
| 999 |
_c13257 _d13257 |
||